00672nam a2200241Ia 4500008004100000020001500041050001000056050001400066245003900080245002500119260001800144260003700162260000900199300001600208300002600224300001000250440005200260440000700312500004800319650001900367650001700386650002700403171120s9999 xx 000 0 und d a9622582338 a959.9 bK191 1998 2aA timeline of Philippine history / cby Henry S. Totanes. aPhilippines : bAsia Publishing Company Limited, c1998 a303 pages : bcolor illustrations ; c29cm. aKasaysayan : the story of the Filipino people ; v10 aIncludes bibliographic reference and index. aPhilippines -- aPhilippines. xHistory -- Chronology.